000 00899nas a2200289 4500
001 BR0101082
003 BR-BrBNA
005 20231205102108.0
007 ta
008 230509b bl.|||p| |||| 00| 00por d
040 _aBR-BrBNA
_bpor
_cBiblioteca Nacional de Agricultura
041 _a(Pt)
072 _aE11; P10
100 1 _aFiorio, P.R.
100 1 _aDematte, J.A.M.
100 1 _aMelem Junior, N.J.
100 1 _aMazza, J.A.
245 1 _aPotencialidade do uso da terra na microbacia hidrografica do corrego do Ceveiro na regiao de Piracicaba
650 _aAptidao Agricola
650 _aUso da Terra
650 _aSensoriamento Remoto
650 _aReconhecimento do Solo
650 _aSao Paulo
773 0 _tScientia Agricola (Brazil)
_xISSN 0103-9016
_g(Oct-Dec 1999), v. 56(4) p. 1273-1280
_wBR0101082
909 _a202311
_bLúcia
_c55
_dLúcia Elande
942 _2AGRIS
_n0
_cANA
999 _c165718
_d165718